00382 2200157 4500001002100000005001500021035002000036245003900056100001400095300002800109260003100137082000800168084001400176020002200190990001200212INLIS00000000000189220250519094322 a0010-05250001841 aThe Coldest Boyfriend /cItsfiyawn0 aItsfiyawn a400 hlm ;c14 x 20,5 cm aDepok :bBest Media,c2017 a800 a800 ITS t a978-602-6940-09-4 a0754797